Rob Roy / (Record no. 165452)

MARC details
000 -LEADER
fixed length control field 00674mam a22002297a 4500
008 - FIXED-LENGTH DATA ELEMENTS--GENERAL INFORMATION
fixed length control field
020 ## - INTERNATIONAL STANDARD BOOK NUMBER
International Standard Book Number 1857152107 (hbk.)
049 ## - LOCAL HOLDINGS (OCLC)
Holding library MAIN
090 ## - LOCALLY ASSIGNED LC-TYPE CALL NUMBER (OCLC); LOCAL CALL NUMBER (RLIN)
Classification number (OCLC) (R) ; Classification number, CALL (RLIN) (NR) PR5320
Local cutter number (OCLC) ; Book number/undivided call number, CALL (RLIN) SCO
003 - CONTROL NUMBER IDENTIFIER
control field
005 - DATE AND TIME OF LATEST TRANSACTION
control field 20230123134417.0
040 ## - CATALOGING SOURCE
Transcribing agency NUST
100 1# - MAIN ENTRY--PERSONAL NAME
Personal name Scott, Walter.
245 10 - TITLE STATEMENT
Title Rob Roy /
Statement of responsibility, etc. Walter Scott ; with an introduction by Eric Anderson.
260 ## - PUBLICATION, DISTRIBUTION, ETC.
Place of publication, distribution, etc. London :
Name of publisher, distributor, etc. David Campbell,
Date of publication, distribution, etc. 1995.
300 ## - PHYSICAL DESCRIPTION
Extent xliii, 494 p. ;
Dimensions 21 cm.
490 0# - SERIES STATEMENT
Series statement Everyman's library ;
Volume/sequential designation 210.
600 00 - SUBJECT ADDED ENTRY--PERSONAL NAME
Personal name Rob Roy,
Dates associated with a name 1671-1734
General subdivision Fiction.
650 #7 - SUBJECT ADDED ENTRY--TOPICAL TERM
Topical term or geographic name entry element Historical fiction.
Source of heading or term gsafd
907 ## - LOCAL DATA ELEMENT G, LDG (RLIN)
a .b10238104
b 06-02-13
c 23-03-07
942 ## - ADDED ENTRY ELEMENTS (KOHA)
Koha item type Ordinary Loan Books
Call number prefix PR5320
Call number suffix SCO
Holdings
Date last seen Total Checkouts Full call number Barcode Cost, replacement price Price effective from Koha item type Lost status Source of classification or shelving scheme Damaged status Not for loan Collection Withdrawn status Home library Current library Shelving location Date acquired Cost, normal purchase price
01/23/2023   PR5320 SCO 92003020931 80.00 01/23/2023 BOOKS   LCC     NFIC   MAIN MAIN GEN 01/23/2023 80.00